[Event "msr26ss"]
[Site "?"]
[Date "2026.03.26"]
[Round "6.11"]
[White "Barina, Branislav"]
[Black "Krajcirik, Matej"]
[Result "1/2-1/2"]
[BlackElo "1646"]
[WhiteElo "1789"]
[LiveChessVersion "1.4.8"]

1. d4 {[%clk 0:10:02]} f5 {[%clk 0:10:03]} 2. c4 {[%clk 0:10:02]} Nf6
{[%clk 0:10:04]} 3. Nc3 {[%clk 0:10:03]} e6 {[%clk 0:10:05]} 4. g3
{[%clk 0:10:04]} Bb4 {[%clk 0:10:06]} 5. Bg2 {[%clk 0:09:55]} O-O
{[%clk 0:10:06]} 6. Nf3 {[%clk 0:09:55]} Bxc3+ {[%clk 0:10:04]} 7. bxc3
{[%clk 0:09:56]} d6 {[%clk 0:10:03]} 8. O-O {[%clk 0:09:48]} Qe8 {[%clk 0:10:01]}
9. Re1 {[%clk 0:08:13]} Nbd7 {[%clk 0:09:46]} 10. Nd2 {[%clk 0:07:11]} e5
{[%clk 0:09:26]} 11. e4 {[%clk 0:06:20]} fxe4 {[%clk 0:08:18]} 12. Nxe4
{[%clk 0:06:18]} Qf7 {[%clk 0:08:07]} 13. Qe2 {[%clk 0:04:41]} Nb6
{[%clk 0:06:20]} 14. Nxf6+ {[%clk 0:03:48]} Qxf6 {[%clk 0:06:16]} 15. Be3
{[%clk 0:03:24]} c6 {[%clk 0:05:07]} 16. d5 {[%clk 0:02:29]} c5 {[%clk 0:04:53]}
17. a4 {[%clk 0:02:22]} Bf5 {[%clk 0:04:10]} 18. a5 {[%clk 0:01:57]} Nd7
{[%clk 0:04:10]} 19. Qd2 {[%clk 0:01:36]} e4 {[%clk 0:03:26]} 20. Bg5
{[%clk 0:01:37]} Qg6 {[%clk 0:02:59]} 21. Bf4 {[%clk 0:01:22]} Rae8
{[%clk 0:02:41]} 22. Re3 {[%clk 0:01:14]} Ne5 {[%clk 0:02:38]} 23. Bxe5
{[%clk 0:01:12]} Rxe5 {[%clk 0:02:38]} 24. Rae1 {[%clk 0:01:06]} Qg5
{[%clk 0:01:28]} 25. Qb2 {[%clk 0:00:48]} Qe7 {[%clk 0:01:24]} 26. h4
{[%clk 0:00:38]} Re8 {[%clk 0:01:03]} 27. Rb1 {[%clk 0:00:38]} Bc8
{[%clk 0:00:55]} 1/2-1/2

[Event "msr26ss"]
[Site "?"]
[Date "2026.03.26"]
[Round "6.12"]
[White "Jancovicova, Tamara"]
[Black "Zakopcanova, Klaudia"]
[Result "1-0"]
[BlackElo "1000"]
[WhiteElo "1739"]
[LiveChessVersion "1.4.8"]

1. e4 {[%clk 0:10:02]} e5 {[%clk 0:10:03]} 2. Nf3 {[%clk 0:10:02]} Nc6
{[%clk 0:10:03]} 3. Bb5 {[%clk 0:10:03]} a6 {[%clk 0:09:57]} 4. Bxc6
{[%clk 0:10:03]} dxc6 {[%clk 0:09:54]} 5. O-O {[%clk 0:10:01]} Nf6
{[%clk 0:09:54]} 6. c3 {[%clk 0:10:00]} Bc5 {[%clk 0:09:42]} 7. d4
{[%clk 0:09:53]} Be7 {[%clk 0:09:27]} 8. Bg5 {[%clk 0:09:02]} Nxe4
{[%clk 0:09:20]} 9. Bxe7 {[%clk 0:09:01]} Qxe7 {[%clk 0:09:18]} 10. Re1
{[%clk 0:08:59]} Nf6 {[%clk 0:09:11]} 11. Rxe5 {[%clk 0:08:47]} Bg4
{[%clk 0:08:05]} 12. Rxe7+ {[%clk 0:08:43]} Kxe7 {[%clk 0:08:04]} 13. Qe2+
{[%clk 0:08:38]} Kd6 {[%clk 0:08:03]} 14. Qe5+ {[%clk 0:08:35]} Kd7
{[%clk 0:08:01]} 15. Qf4 {[%clk 0:08:13]} Rhe8 {[%clk 0:07:12]} 16. Nbd2
{[%clk 0:08:01]} b6 {[%clk 0:06:56]} 17. Ne5+ {[%clk 0:07:58]} Kd8
{[%clk 0:06:20]} 18. Nxg4 {[%clk 0:07:24]} Nd5 {[%clk 0:06:02]} 19. Qxf7
{[%clk 0:07:01]} Re2 {[%clk 0:05:52]} 20. Ne5 {[%clk 0:06:45]} Kc8
{[%clk 0:05:34]} 21. Qd7+ {[%clk 0:06:41]} Kb7 {[%clk 0:05:34]} 22. Qxc6+
{[%clk 0:06:39]} Kb8 {[%clk 0:05:24]} 23. Nd7+ {[%clk 0:06:23]} Kc8
{[%clk 0:05:05]} 24. Qxa8+ {[%clk 0:06:20]} Kxd7 {[%clk 0:05:04]} 25. Qxd5+
{[%clk 0:06:19]} Ke7 {[%clk 0:05:03]} 26. Nf3 {[%clk 0:06:13]} Rxb2
{[%clk 0:04:56]} 27. Re1+ {[%clk 0:06:13]} Kf6 {[%clk 0:04:51]} 28. Qe6#
{[%clk 0:06:11]} 1-0

[Event "msr26ss"]
[Site "?"]
[Date "2026.03.26"]
[Round "6.13"]
[White "Gay, Lukas"]
[Black "Haasova, Timea"]
[Result "1-0"]
[BlackElo "1980"]
[WhiteElo "2064"]
[LiveChessVersion "1.4.8"]

1. e4 {[%clk 0:10:01]} c5 {[%clk 0:10:04]} 2. Nf3 {[%clk 0:10:02]} e6
{[%clk 0:10:05]} 3. d4 {[%clk 0:10:01]} cxd4 {[%clk 0:10:05]} 4. Nxd4
{[%clk 0:10:02]} Nf6 {[%clk 0:10:06]} 5. Nc3 {[%clk 0:10:03]} Nc6
{[%clk 0:10:07]} 6. Be2 {[%clk 0:09:59]} Bb4 {[%clk 0:09:34]} 7. O-O
{[%clk 0:10:00]} O-O {[%clk 0:08:23]} 8. Nxc6 {[%clk 0:09:19]} dxc6
{[%clk 0:08:08]} 9. Qxd8 {[%clk 0:09:10]} Rxd8 {[%clk 0:08:09]} 10. Bg5
{[%clk 0:09:10]} h6 {[%clk 0:07:58]} 11. Bxf6 {[%clk 0:09:04]} gxf6
{[%clk 0:07:58]} 12. Rad1 {[%clk 0:09:04]} Bd7 {[%clk 0:07:11]} 13. Rd3
{[%clk 0:09:01]} Be7 {[%clk 0:06:42]} 14. f4 {[%clk 0:08:26]} c5 {[%clk 0:06:18]}
15. Rg3+ {[%clk 0:07:10]} Kh7 {[%clk 0:05:58]} 16. Bd3 {[%clk 0:07:11]} Bc6
{[%clk 0:05:36]} 17. b3 {[%clk 0:06:50]} a6 {[%clk 0:05:14]} 18. a4
{[%clk 0:06:43]} Rd4 {[%clk 0:04:35]} 19. Re3 {[%clk 0:05:02]} Rad8
{[%clk 0:02:54]} 20. Nd5 {[%clk 0:05:03]} Rd7 {[%clk 0:01:26]} 21. Nxe7
{[%clk 0:03:14]} Rxe7 {[%clk 0:01:27]} 22. e5+ {[%clk 0:03:08]} f5
{[%clk 0:01:23]} 23. g4 {[%clk 0:03:09]} Be4 {[%clk 0:00:51]} 24. Bxe4
{[%clk 0:02:59]} fxe4 {[%clk 0:00:48]} 25. Rfe1 {[%clk 0:02:57]} Red7
{[%clk 0:00:18]} 26. Rxe4 {[%clk 0:02:57]} Rxe4 {[%clk 0:00:18]} 27. Rxe4
{[%clk 0:02:58]} Rd1+ {[%clk 0:00:18]} 28. Kf2 {[%clk 0:02:59]} Rd2+
{[%clk 0:00:19]} 29. Re2 {[%clk 0:03:00]} Rd4 {[%clk 0:00:20]} 30. Ke3
{[%clk 0:02:59]} Kg6 {[%clk 0:00:08]} 31. Rd2 {[%clk 0:02:38]} Rb4
{[%clk 0:00:04]} 32. Rd8 {[%clk 0:02:10]} b5 {[%clk 0:00:05]} 33. axb5
{[%clk 0:01:20]} axb5 {[%clk 0:00:06]} 34. Rd3 {[%clk 0:01:03]} h5
{[%clk 0:00:06]} 35. h3 {[%clk 0:01:04]} hxg4 {[%clk 0:00:06]} 36. hxg4
{[%clk 0:01:05]} Kg7 {[%clk 0:00:06]} 37. Rc3 {[%clk 0:01:04]} c4
{[%clk 0:00:05]} 38. bxc4 {[%clk 0:01:04]} bxc4 {[%clk 0:00:05]} 39. Kd4
{[%clk 0:01:05]} Rb1 {[%clk 0:00:05]} 40. Rxc4 {[%clk 0:01:03]} Rg1
{[%clk 0:00:06]} 41. g5 {[%clk 0:01:03]} Rd1+ {[%clk 0:00:06]} 42. Kc5
{[%clk 0:01:03]} Rd5+ {[%clk 0:00:07]} 43. Kb6 {[%clk 0:01:03]} Kg6
{[%clk 0:00:08]} 44. Ka6 {[%clk 0:00:24]} Rd2 {[%clk 0:01:06]} 45. Kb5
{[%clk 0:00:14]} Rf2 {[%clk 0:00:58]} 46. c3 {[%clk 0:00:14]} Kf5
{[%clk 0:00:53]} 47. Rc7 {[%clk 0:00:15]} Kg6 {[%clk 0:00:53]} 48. Rc4
{[%clk 0:00:10]} Kf5 {[%clk 0:00:54]} 49. Rd4 {[%clk 0:00:07]} Rb2+
{[%clk 0:00:29]} 50. Kc5 {[%clk 0:00:07]} Rf2 {[%clk 0:00:28]} 51. c4
{[%clk 0:00:08]} Rb2 {[%clk 0:00:10]} 52. Kd6 {[%clk 0:00:07]} Rb6+
{[%clk 0:00:10]} 53. Kc7 {[%clk 0:00:07]} Rb4 {[%clk 0:00:11]} 54. Kc6
{[%clk 0:00:06]} Kg6 {[%clk 0:00:10]} 55. Kc5 {[%clk 0:00:07]} Rb2
{[%clk 0:00:09]} 56. Kd6 {[%clk 0:00:07]} Rb6+ {[%clk 0:00:08]} 57. Kc5
{[%clk 0:00:07]} Rb2 {[%clk 0:00:09]} 58. Rd3 {[%clk 0:00:07]} Kf5
{[%clk 0:00:09]} 59. Rd7 {[%clk 0:00:06]} Kg6 {[%clk 0:00:10]} 60. Kd6
{[%clk 0:00:05]} Rd2+ {[%clk 0:00:10]} 61. Ke7 {[%clk 0:00:06]} Rc2
{[%clk 0:00:06]} 62. Rc7 {[%clk 0:00:07]} Rf2 63. c5 {[%clk 0:00:06]} Rxf4
{[%clk 0:00:07]} 64. c6 {[%clk 0:00:08]} Rc4 {[%clk 0:00:08]} 65. Kd6
{[%clk 0:00:09]} Kxg5 {[%clk 0:00:07]} 66. Rxf7 {[%clk 0:00:10]} Kg6
{[%clk 0:00:07]} 67. Rf6+ {[%clk 0:00:10]} Kg7 {[%clk 0:00:07]} 68. c7
{[%clk 0:00:11]} Rd4+ {[%clk 0:00:04]} 69. Kxe6 {[%clk 0:00:12]} Rc4
{[%clk 0:00:05]} 70. Kd7 {[%clk 0:00:13]} Kg8 {[%clk 0:00:05]} 71. Rc6
{[%clk 0:00:14]} Rd4+ {[%clk 0:00:06]} 72. Ke6 {[%clk 0:00:13]} Kg7
{[%clk 0:00:04]} 73. c8=Q {[%clk 0:00:11]} 1-0

[Event "msr26ss"]
[Site "?"]
[Date "2026.03.26"]
[Round "6.14"]
[White "Romaniuta, Ivan"]
[Black "Geletka, Tomas"]
[Result "0-1"]
[BlackElo "1946"]
[WhiteElo "1782"]
[LiveChessVersion "1.4.8"]

1. e4 {[%clk 0:10:01]} e5 {[%clk 0:10:00]} 2. Nf3 {[%clk 0:09:59]} Nc6
{[%clk 0:10:01]} 3. Bb5 {[%clk 0:09:59]} a6 {[%clk 0:10:02]} 4. Ba4
{[%clk 0:09:58]} Nf6 {[%clk 0:10:02]} 5. Nc3 {[%clk 0:09:57]} d6 {[%clk 0:09:49]}
6. d3 {[%clk 0:09:46]} Be7 {[%clk 0:09:43]} 7. h3 {[%clk 0:09:42]} O-O
{[%clk 0:09:33]} 8. Bg5 {[%clk 0:09:34]} b5 {[%clk 0:09:12]} 9. Bb3
{[%clk 0:09:34]} Na5 {[%clk 0:09:07]} 10. Bxf6 {[%clk 0:09:25]} Bxf6
{[%clk 0:09:04]} 11. Nd5 {[%clk 0:09:09]} Nxb3 {[%clk 0:09:02]} 12. axb3
{[%clk 0:09:09]} Bb7 {[%clk 0:09:01]} 13. Ne3 {[%clk 0:09:01]} Be7
{[%clk 0:08:51]} 14. O-O {[%clk 0:08:50]} g6 {[%clk 0:08:51]} 15. c4
{[%clk 0:08:25]} c6 {[%clk 0:08:16]} 16. Qc2 {[%clk 0:07:54]} Kh8
{[%clk 0:07:32]} 17. Rfd1 {[%clk 0:07:28]} c5 {[%clk 0:07:21]} 18. b4
{[%clk 0:05:54]} f5 {[%clk 0:06:41]} 19. bxc5 {[%clk 0:05:35]} dxc5
{[%clk 0:06:40]} 20. cxb5 {[%clk 0:05:25]} axb5 {[%clk 0:06:39]} 21. Nxe5
{[%clk 0:04:54]} Qd6 {[%clk 0:06:02]} 22. Nf3 {[%clk 0:04:39]} fxe4
{[%clk 0:04:20]} 23. dxe4 {[%clk 0:04:38]} Qe6 {[%clk 0:04:12]} 24. Rxa8
{[%clk 0:04:21]} Bxa8 {[%clk 0:03:56]} 25. Nd5 {[%clk 0:04:05]} Bd6
{[%clk 0:03:05]} 26. Qc3+ {[%clk 0:03:02]} Kg8 {[%clk 0:03:04]} 27. Qd3
{[%clk 0:02:19]} c4 {[%clk 0:02:48]} 28. Qe3 {[%clk 0:02:04]} Re8
{[%clk 0:02:22]} 29. Re1 {[%clk 0:01:27]} Bc6 {[%clk 0:01:18]} 30. Ng5
{[%clk 0:01:11]} Qe5 {[%clk 0:01:01]} 31. f4 {[%clk 0:01:12]} Qxb2
{[%clk 0:00:41]} 32. Re2 {[%clk 0:01:06]} Qa1+ {[%clk 0:00:36]} 33. Kf2
{[%clk 0:01:03]} Bxd5 {[%clk 0:00:37]} 34. e5 {[%clk 0:00:44]} Qa3
{[%clk 0:00:28]} 35. Qxa3 {[%clk 0:00:43]} Bxa3 {[%clk 0:00:29]} 36. e6
{[%clk 0:00:41]} Bc5+ {[%clk 0:00:30]} 37. Ke1 {[%clk 0:00:41]} Be7
{[%clk 0:00:23]} 38. Ne4 {[%clk 0:00:37]} Bxe4 39. Rxe4 {[%clk 0:00:38]} Kg7
{[%clk 0:00:19]} 40. Kd2 {[%clk 0:00:39]} Kf6 {[%clk 0:00:20]} 41. Re5
{[%clk 0:00:36]} b4 {[%clk 0:00:21]} 42. Re4 {[%clk 0:00:35]} c3+
{[%clk 0:00:22]} 43. Kc2 {[%clk 0:00:36]} Bd6 {[%clk 0:00:23]} 44. Kb3
{[%clk 0:00:30]} Rxe6 {[%clk 0:00:24]} 45. Rxe6+ {[%clk 0:00:31]} Kxe6
{[%clk 0:00:24]} 46. g4 {[%clk 0:00:32]} Bxf4 {[%clk 0:00:24]} 47. Kxb4
{[%clk 0:00:32]} c2 {[%clk 0:00:25]} 0-1

[Event "msr26ss"]
[Site "?"]
[Date "2026.03.26"]
[Round "6.15"]
[White "Lukacin, Simon"]
[Black "Bersihand, Hugo Maria"]
[Result "0-1"]
[BlackElo "1532"]
[WhiteElo "1822"]
[LiveChessVersion "1.4.8"]

1. d4 {[%clk 0:10:01]} Nf6 {[%clk 0:10:03]} 2. c4 {[%clk 0:10:02]} e5
{[%clk 0:10:03]} 3. dxe5 {[%clk 0:10:01]} Ng4 {[%clk 0:10:04]} 4. Nf3
{[%clk 0:09:42]} Bc5 {[%clk 0:10:04]} 5. e3 {[%clk 0:09:34]} Nc6 {[%clk 0:10:04]}
6. Qd5 {[%clk 0:09:04]} Bb4+ {[%clk 0:10:04]} 7. Bd2 {[%clk 0:08:42]} Bxd2+
{[%clk 0:10:03]} 8. Nbxd2 {[%clk 0:08:35]} Qe7 {[%clk 0:10:01]} 9. a3
{[%clk 0:08:17]} Ngxe5 {[%clk 0:10:01]} 10. Nxe5 {[%clk 0:08:07]} Qxe5
{[%clk 0:10:01]} 11. Nf3 {[%clk 0:07:44]} Qxb2 {[%clk 0:09:55]} 12. Rd1
{[%clk 0:06:36]} Qc3+ {[%clk 0:09:40]} 13. Rd2 {[%clk 0:06:13]} Qxa3
{[%clk 0:09:40]} 14. Ne5 {[%clk 0:04:50]} Qa1+ {[%clk 0:09:27]} 15. Rd1
{[%clk 0:04:04]} Qxe5 {[%clk 0:09:26]} 16. Qd3 {[%clk 0:04:00]} Qa5+
{[%clk 0:08:54]} 17. Rd2 {[%clk 0:03:49]} O-O {[%clk 0:08:54]} 18. g3
{[%clk 0:03:29]} d6 {[%clk 0:08:09]} 19. Bg2 {[%clk 0:03:25]} Ne5
{[%clk 0:07:58]} 20. Qc2 {[%clk 0:02:57]} Qb4 {[%clk 0:07:09]} 21. O-O
{[%clk 0:02:37]} Qxc4 {[%clk 0:07:01]} 22. Qb1 {[%clk 0:02:17]} Qg4
{[%clk 0:06:15]} 23. f3 {[%clk 0:01:48]} Qg6 {[%clk 0:05:59]} 24. Qb5
{[%clk 0:00:55]} a6 {[%clk 0:05:53]} 25. Qa4 {[%clk 0:00:45]} Bd7
{[%clk 0:05:50]} 26. Qb4 {[%clk 0:00:34]} Bc6 {[%clk 0:05:48]} 27. f4
{[%clk 0:00:20]} Nd7 {[%clk 0:05:17]} 28. Bxc6 {[%clk 0:00:14]} bxc6
{[%clk 0:05:17]} 29. Qb7 {[%clk 0:00:08]} Rfc8 {[%clk 0:05:01]} 30. Qxc6
{[%clk 0:00:07]} Nc5 {[%clk 0:04:57]} 31. Qxa8 Rxa8 0-1

[Event "msr26ss"]
[Site "?"]
[Date "2026.03.26"]
[Round "6.16"]
[White "Kosut, Peter Simon"]
[Black "Hudakova, Nina"]
[Result "1-0"]
[BlackElo "1501"]
[WhiteElo "1000"]
[LiveChessVersion "1.4.8"]

1. d4 {[%clk 0:10:01]} d5 {[%clk 0:10:03]} 2. Bf4 {[%clk 0:10:01]} Nc6
{[%clk 0:10:03]} 3. Nf3 {[%clk 0:10:01]} Bf5 {[%clk 0:09:57]} 4. e3
{[%clk 0:10:01]} Nf6 {[%clk 0:09:54]} 5. c3 {[%clk 0:09:51]} e6 {[%clk 0:09:46]}
6. Bd3 {[%clk 0:09:51]} Bd6 {[%clk 0:09:23]} 7. Bg3 {[%clk 0:09:50]} Bxg3
{[%clk 0:09:16]} 8. hxg3 {[%clk 0:09:49]} Qd6 {[%clk 0:08:53]} 9. a4
{[%clk 0:09:42]} O-O-O {[%clk 0:08:44]} 10. Bxf5 {[%clk 0:09:33]} exf5
{[%clk 0:08:41]} 11. Nbd2 {[%clk 0:09:33]} Ne4 {[%clk 0:08:32]} 12. b4
{[%clk 0:09:20]} Nxc3 {[%clk 0:08:24]} 13. Qb3 {[%clk 0:09:19]} Ne4
{[%clk 0:08:07]} 14. b5 {[%clk 0:09:19]} Ne7 {[%clk 0:07:22]} 15. a5
{[%clk 0:08:44]} a6 {[%clk 0:07:02]} 16. O-O {[%clk 0:08:28]} axb5
{[%clk 0:06:42]} 17. Qxb5 {[%clk 0:08:19]} g5 {[%clk 0:06:26]} 18. Ne5
{[%clk 0:07:41]} Nxd2 {[%clk 0:05:50]} 19. Rfd1 {[%clk 0:06:51]} Ne4
{[%clk 0:04:58]} 20. Nxf7 {[%clk 0:06:40]} Qf6 {[%clk 0:04:36]} 21. Nxh8
{[%clk 0:06:08]} Rxh8 {[%clk 0:04:25]} 22. Rdc1 {[%clk 0:06:07]} h5
{[%clk 0:04:08]} 23. a6 {[%clk 0:05:59]} bxa6 {[%clk 0:03:42]} 24. Rxa6
{[%clk 0:05:54]} c6 {[%clk 0:03:14]} 25. Rcxc6+ {[%clk 0:05:09]} Nxc6
{[%clk 0:03:13]} 26. Rxc6+ {[%clk 0:05:09]} Qxc6 {[%clk 0:03:10]} 27. Qxc6+
{[%clk 0:05:08]} Kb8 {[%clk 0:03:06]} 28. Qxd5 {[%clk 0:05:01]} Rf8
{[%clk 0:02:39]} 29. f3 {[%clk 0:04:34]} Nxg3 {[%clk 0:02:34]} 30. Qd6+
{[%clk 0:04:34]} Kb7 {[%clk 0:02:31]} 31. Qxf8 {[%clk 0:04:32]} f4
{[%clk 0:02:25]} 32. d5 {[%clk 0:04:28]} fxe3 {[%clk 0:02:23]} 33. Qe7+
{[%clk 0:04:24]} Kb6 {[%clk 0:02:16]} 34. Qxe3+ {[%clk 0:04:20]} Kc7
{[%clk 0:02:09]} 35. Qe5+ {[%clk 0:04:20]} Kd7 {[%clk 0:02:02]} 36. Qxg3
{[%clk 0:04:19]} 1-0

[Event "msr26ss"]
[Site "?"]
[Date "2026.03.26"]
[Round "6.17"]
[White "Malaschitz, Teodor"]
[Black "Mrazik, Lukas"]
[Result "1-0"]
[BlackElo "1883"]
[WhiteElo "1903"]
[LiveChessVersion "1.4.8"]

1. e4 {[%clk 0:10:03]} c5 {[%clk 0:10:03]} 2. Nf3 {[%clk 0:10:04]} Nc6
{[%clk 0:10:04]} 3. Nc3 {[%clk 0:10:04]} g6 {[%clk 0:10:03]} 4. d4
{[%clk 0:10:03]} cxd4 {[%clk 0:10:04]} 5. Nxd4 {[%clk 0:10:04]} Bg7
{[%clk 0:10:02]} 6. Be3 {[%clk 0:10:05]} Nf6 {[%clk 0:10:00]} 7. Bc4
{[%clk 0:10:05]} O-O {[%clk 0:09:58]} 8. Bb3 {[%clk 0:10:06]} d6 {[%clk 0:09:45]}
9. f3 {[%clk 0:10:02]} a6 {[%clk 0:09:33]} 10. Qd2 {[%clk 0:10:01]} Bd7
{[%clk 0:09:30]} 11. O-O-O {[%clk 0:10:00]} b5 {[%clk 0:09:21]} 12. g4
{[%clk 0:09:53]} b4 {[%clk 0:08:13]} 13. Nd5 {[%clk 0:09:54]} a5 {[%clk 0:06:40]}
14. Nxc6 {[%clk 0:08:16]} Bxc6 {[%clk 0:06:39]} 15. Nxf6+ {[%clk 0:08:16]} Bxf6
{[%clk 0:06:13]} 16. g5 {[%clk 0:08:16]} Bg7 {[%clk 0:06:08]} 17. Bd4
{[%clk 0:08:17]} a4 {[%clk 0:05:17]} 18. Bd5 {[%clk 0:08:17]} b3 {[%clk 0:03:43]}
19. a3 {[%clk 0:07:33]} bxc2 {[%clk 0:02:47]} 20. Rde1 {[%clk 0:06:54]} Bxd5
{[%clk 0:01:27]} 21. Bxg7 {[%clk 0:06:26]} Kxg7 {[%clk 0:01:26]} 22. exd5
{[%clk 0:06:27]} Rc8 {[%clk 0:00:49]} 23. Qd4+ {[%clk 0:06:10]} Kg8
{[%clk 0:00:51]} 24. h4 {[%clk 0:06:11]} f6 {[%clk 0:00:24]} 25. h5
{[%clk 0:06:07]} Qd7 {[%clk 0:00:10]} 26. hxg6 {[%clk 0:06:02]} hxg6
{[%clk 0:00:10]} 27. Qh4 {[%clk 0:05:56]} Qf5 {[%clk 0:00:04]} 28. Qh7#
{[%clk 0:05:55]} 1-0

[Event "msr26ss"]
[Site "?"]
[Date "2026.03.26"]
[Round "6.18"]
[White "Stelmak, Adam"]
[Black "Havalda, Samuel"]
[Result "0-1"]
[BlackElo "1914"]
[WhiteElo "1862"]
[LiveChessVersion "1.4.8"]

1. Nf3 {[%clk 0:10:02]} d5 {[%clk 0:10:04]} 2. g3 {[%clk 0:10:02]} c5
{[%clk 0:10:04]} 3. Bg2 {[%clk 0:10:00]} Nc6 {[%clk 0:10:05]} 4. d4
{[%clk 0:09:59]} Nf6 {[%clk 0:10:02]} 5. O-O {[%clk 0:09:51]} cxd4
{[%clk 0:09:42]} 6. Nxd4 {[%clk 0:09:51]} e5 {[%clk 0:09:42]} 7. Nxc6
{[%clk 0:09:51]} bxc6 {[%clk 0:09:43]} 8. c4 {[%clk 0:09:52]} Bb7
{[%clk 0:09:30]} 9. Qa4 {[%clk 0:09:00]} Qd7 {[%clk 0:09:19]} 10. cxd5
{[%clk 0:08:48]} cxd5 {[%clk 0:09:14]} 11. Qxd7+ {[%clk 0:08:39]} Nxd7
{[%clk 0:09:01]} 12. Nc3 {[%clk 0:08:39]} Nb6 {[%clk 0:08:58]} 13. a4
{[%clk 0:08:14]} O-O-O {[%clk 0:08:35]} 14. a5 {[%clk 0:07:55]} Na8
{[%clk 0:08:30]} 15. a6 {[%clk 0:07:26]} Bc6 {[%clk 0:08:31]} 16. Rd1
{[%clk 0:06:51]} Nc7 {[%clk 0:08:10]} 17. Be3 {[%clk 0:04:54]} Kb8
{[%clk 0:08:11]} 18. f4 {[%clk 0:03:45]} f6 {[%clk 0:07:30]} 19. fxe5
{[%clk 0:03:47]} fxe5 {[%clk 0:07:31]} 20. Bg5 {[%clk 0:03:47]} Rd7 21. b4
{[%clk 0:03:10]} Ba8 {[%clk 0:05:59]} 22. b5 {[%clk 0:01:53]} d4 {[%clk 0:05:21]}
23. Bxa8 {[%clk 0:01:10]} Nxa8 {[%clk 0:05:02]} 24. Ne4 {[%clk 0:01:11]} h6
{[%clk 0:04:59]} 25. Bd2 {[%clk 0:01:09]} Be7 {[%clk 0:04:28]} 26. Rac1
{[%clk 0:01:09]} Rc8 {[%clk 0:04:26]} 27. Rxc8+ {[%clk 0:01:07]} Kxc8
{[%clk 0:04:27]} 28. Rc1+ {[%clk 0:01:05]} Rc7 {[%clk 0:04:21]} 29. Rxc7+
{[%clk 0:01:01]} Nxc7 {[%clk 0:04:14]} 30. b6 {[%clk 0:00:13]} axb6
{[%clk 0:04:14]} 31. e3 {[%clk 0:00:11]} Nxa6 {[%clk 0:04:10]} 32. exd4
{[%clk 0:00:11]} exd4 {[%clk 0:04:11]} 33. Kf2 {[%clk 0:00:09]} Kd7
{[%clk 0:04:06]} 34. Ke2 {[%clk 0:00:10]} Kc6 {[%clk 0:04:00]} 35. Nf2
{[%clk 0:00:06]} Kd5 {[%clk 0:03:54]} 36. Nd3 {[%clk 0:00:03]} Bd6
{[%clk 0:03:50]} 37. Kf3 {[%clk 0:00:04]} b5 {[%clk 0:03:44]} 38. h4
{[%clk 0:00:04]} b4 {[%clk 0:03:45]} 39. Nxb4+ {[%clk 0:00:04]} Nxb4
{[%clk 0:03:45]} 40. g4 {[%clk 0:00:03]} Nd3 {[%clk 0:03:29]} 41. g5
{[%clk 0:00:03]} Ne5+ {[%clk 0:03:26]} 42. Kg2 {[%clk 0:00:00]} 0-1

[Event "msr26ss"]
[Site "?"]
[Date "2026.03.26"]
[Round "6.19"]
[White "Piussi, Maximilian"]
[Black "Polomsky, Tomas"]
[Result "0-1"]
[BlackElo "1923"]
[WhiteElo "1699"]
[LiveChessVersion "1.4.8"]

1. e4 {[%clk 0:10:03]} c5 {[%clk 0:10:03]} 2. Nf3 {[%clk 0:10:03]} Nc6
{[%clk 0:10:04]} 3. d4 {[%clk 0:10:04]} cxd4 {[%clk 0:10:05]} 4. Nxd4
{[%clk 0:10:05]} g6 {[%clk 0:10:07]} 5. Nc3 {[%clk 0:10:03]} Bg7 {[%clk 0:10:08]}
6. Be3 {[%clk 0:10:04]} Nf6 {[%clk 0:10:09]} 7. Be2 {[%clk 0:09:53]} O-O
{[%clk 0:10:07]} 8. h4 {[%clk 0:09:50]} h5 {[%clk 0:09:45]} 9. Qd2
{[%clk 0:09:45]} d5 {[%clk 0:08:55]} 10. exd5 {[%clk 0:08:47]} Nxd5
{[%clk 0:08:53]} 11. Nxc6 {[%clk 0:08:38]} bxc6 {[%clk 0:08:53]} 12. Nxd5
{[%clk 0:07:59]} Qxd5 {[%clk 0:08:14]} 13. Bf3 {[%clk 0:07:46]} Qb5
{[%clk 0:07:34]} 14. c3 {[%clk 0:07:24]} Bf5 {[%clk 0:07:13]} 15. Be2
{[%clk 0:06:07]} Qa4 {[%clk 0:06:40]} 16. g3 {[%clk 0:05:09]} Rad8
{[%clk 0:05:52]} 17. Qc1 {[%clk 0:05:09]} Qe4 {[%clk 0:05:17]} 18. f3
{[%clk 0:04:36]} Qe5 {[%clk 0:04:57]} 19. Kf2 {[%clk 0:04:23]} Bd3
{[%clk 0:04:03]} 20. Bxd3 {[%clk 0:04:03]} Rxd3 {[%clk 0:04:02]} 21. Rd1
{[%clk 0:03:57]} Rfd8 {[%clk 0:02:56]} 22. Rxd3 {[%clk 0:03:48]} Rxd3
{[%clk 0:02:57]} 23. Bd4 {[%clk 0:03:39]} Qd5 {[%clk 0:02:22]} 24. Qf4
{[%clk 0:02:57]} Bxd4+ {[%clk 0:02:14]} 25. cxd4 {[%clk 0:02:55]} Rxd4
{[%clk 0:02:04]} 26. Qe3 {[%clk 0:02:09]} Rd2+ {[%clk 0:01:42]} 27. Kg1
{[%clk 0:02:06]} Rxb2 {[%clk 0:01:36]} 28. Qxe7 {[%clk 0:01:50]} Qxf3
{[%clk 0:01:04]} 29. Qd8+ {[%clk 0:01:31]} Kh7 {[%clk 0:01:02]} 0-1